| 000 | 00592nam a2200205Ia 4500 | ||
|---|---|---|---|
| 003 | GCL | ||
| 008 | 140319s9999 xx 000 0 ara d | ||
| 040 |
_aGCL / _cGCL |
||
| 082 | 0 | 4 |
_a346.09 _bع ش |
| 100 | 1 | _aعزت عبدالقادر | |
| 245 | 1 | 0 |
_aشرح احكام المنازعات التجارية / _cعزت عبدالقادر |
| 260 |
_a[S.N] : _bفؤاد هاشم الكتبى ، _c1990 |
||
| 300 | _a431 ص | ||
| 490 | _a | ||
| 650 | 0 | 4 | _aالقانون |
| 650 | 0 | 4 | _aالعقود |
| 650 | 0 | 4 | _aالقانون التجارى |
| 650 | 0 | 4 | _aالشركات |
| 942 |
_2ddc _cBK |
||
| 999 |
_c54244 _d54244 |
||